| 000 | 00552nam a2200133Ia 4500 | ||
|---|---|---|---|
| 008 | 100328s9999 xx 000 0 und d | ||
| 082 | _b73358 | ||
| 100 | _aगोविलकर विनायक | ||
| 245 | _aSez विशेष आर्थिक क्षेत्र (Special Economic Zone). | ||
| 260 | _bडायमंड. | ||
| 630 | _aSez विशेष आर्थिक क्षेत्र (Special Economic Zone). | ||
| 730 | _aSez विशेष आर्थिक क्षेत्र (Special Economic Zone). | ||
| 942 | _cBOOK | ||
| 999 |
_c559079 _d559076 |
||